000 00607nas a2200217 4500
001 BR8802517
003 BR-BrBNA
005 20231205091124.0
007 ta
008 230509b bl.|||p| |||| 00| 00por d
040 _aBR-BrBNA
_bpor
_cBiblioteca Nacional de Agricultura
041 _a(Pt)
072 _aN10
100 1 _aAnon.
245 1 _aUm projeto de curral para gado de corte
650 _aGADO DE CORTE
650 _aCURRAL
773 0 _tDirigente Rural (Brazil)
_xISSN 0012-3374
_g(Sep 1987), v. 26(9) p. 42-45
_wBR8802517
909 _a202311
_bLúcia
_c55
_dLúcia Elande
942 _2AGRIS
_n0
_cANA
999 _c122932
_d122932